| 000 | 00656nam a22001937a 4500 | ||
|---|---|---|---|
| 020 | _a9789697450350 | ||
| 082 |
_a891.43901 _bNAS |
||
| 100 | _aNashad, Arshad Mahmood, | ||
| 245 |
_aAasar‑e‑Tahqeeq/ _cDr. Arshad Mahmood Nashad. |
||
| 260 |
_aKarachi: _bRang-e-Adab Publications, _c2021 |
||
| 300 | _a264pages. | ||
| 563 | _aHB | ||
| 650 |
_aتحقیق و طریقہ کار _9129748 |
||
| 650 | _aUrdu literature | ||
| 880 |
_6100-01\(3\r _aآثارِ تحقیق |
||
| 880 |
_6100-02\(3\r _aڈاکٹر ارشد محمود ناشاد۔ |
||
| 880 |
_6100-03\(3\r _aکراچی : _bرنگِ ادب پبلی کیشنز _c2021. |
||
| 942 |
_2ddc _cBK |
||
| 999 |
_c614296 _d614296 |
||